000 00722nam a2200241Ia 4500
003 OSt
005 20220926000728.0
006 a|||||r|||| 00| 0
007 ta
008 220923b |||||||| |||| 00| 0 eng d
037 _cGeneral Book
040 _aRTL
_cRTL
_beng
041 _2eng
_aeng
082 _aX9(D66):9.2.N7, L7.1
110 _aInstitute of Applied Manpower Research
_9298966
245 0 _aManpower in the power sector
260 _a New Delhi
_bInstitute of Applied Manpower Research India
_c1977
490 _vV1
650 _aElectrical
700 _aInstitute of Applied Manpower Research
_9298967
942 _hX9(D66):9.2.N7, L7.1
_cGB
_2CC
999 _c599527
_d599527